Responses for Show #8831 - Monday, March 20, 2023

Melissa Klapper game 1.

Contestants

[<< previous game]

Jake Garrett, a football coach and teacher from Trussville, Alabama

Melissa Klapper, a professor from Merion Station, Pennsylvania

Kelly Barry, a marketing communications specialist from Seattle, Washington (whose 1-day cash winnings total $14,600)

[next game >>]

Jeopardy! Round responses

STATE OF THE AIRPORT
GIFTS FOR THE SPORTS FAN?
(Ken: For example, "Treasure received by a Denver NBA fan" would be, "What is a gold nugget?")
QUITE THE FISH STORY
"ME"
MYSELF
& EYE
    $200 5
California

Melissa
    $200 16
a Cub

Jake
    $200 18
(Melissa: What is Finding Dory?)

Finding Nemo

KellyMelissa
    $200 11
mediocre

Melissa
    $200 7
Michelle Obama

Kelly
    $200 28
the pupils

Melissa
    $400 3
(Jake: What is California?)

Alaska

KellyJake
    $400 17
a knickknack

Melissa
    $400 19
Christopher Lloyd

Jake
    $400 12
the measles

Jake
    $400 9
Steve Wozniak

Kelly
    $400 27
crow's feet

Jake
    $600 1
Florida

Jake
    $600 20
(Ken: Ka-Chow! You got it.)

Lightning McQueen

Jake
    $600 30
Ewan McGregor

Melissa
    $600 13
mead

Jake
    $600 8
Keith Richards

Jake
    $600 26
cones

Kelly
    $800 2
Idaho

Kelly
    $800 21
Patriot Games

Melissa
    $800 29
Jaws

Jake
    $800 14
meander

Jake
    $800 6
(Melissa: Who is... Solomon?)

Frederick Douglass

MelissaJake
    $800 25
(Kelly: What is glaucoma?)

cataract

KellyMelissa
    $1,200 4
Michigan

Kelly
    $1000 24
brewer's yeast

Melissa
    $1000 22
A River Runs Through It

Melissa
    $1000 15
mealymouthed

Triple Stumper
    $1000 10
Sartre

Melissa
    $1000 23
laser-assisted

Jake

Scores at the first commercial break (after clue 15):

Kelly Melissa Jake
$3,000 $600 $3,400

Scores at the end of the Jeopardy! Round:

Kelly Melissa Jake
$3,000 $5,200 $6,800

Double Jeopardy! Round responses

UNESCO's INTANGIBLE CULTURAL HERITAGE
PRESIDENTIAL INAUGURATIONS
ALPHABETIC HOMOPHONES
SHORT STORY, SHORTER
WALK, THE LINE
CRY UNCLE
    $400 5
silk

Kelly
    $400 13
Angelou

Melissa
    $400 21
the Zee

Melissa
    $400 7
the House of Usher

Melissa
    $400 17
"Shut Up And Dance" with me

Jake
    $400 22
Theodore Roosevelt

Jake
    $800 1
the tango

Kelly
    $800 14
(Kelly: Who is Obama?)

Lincoln

KellyJake
    $800 27
Kay

Melissa
    $800 6
(Ichabod) Crane

Jake
    $800 16
Drake

Jake
    $800 23
[Agnes is [*] and Cecil is [**].]

de Mille (DeMille)

Melissa
    $1200 2
Catalonia

Jake
    $1200 11
(Jake: What is "We have nothing to fear but fear itself"?)

"The only thing we have to fear is fear itself"

Jake
Triple Stumper
    $1200 28
Why

Triple Stumper
    $1200 10
the tiger

Melissa
    $1200 18
a thousand miles

Jake
    $1200 24
Franz Joseph

Kelly
    $1600 3
a baguette

Jake
    $1600 12
William Henry Harrison

Jake
    $1600 29
Owe

Triple Stumper
    $1600 9
Bartleby

Melissa
    $1600 19
walk like an Egyptian

Kelly
    $1600 25
Uncle Vanya

Melissa
    $2000 4
(Jake: What's a clarinet?)

an oboe

KellyJake
    $2000 15
the Carters

Melissa
    $3,000 30
a see

Melissa
    $2000 8
(Ken: That's from "An Occurrence at [*]".)

Owl Creek Bridge

Triple Stumper
    $2000 20
"Walking On Sunshine"

Melissa
    $5,000 26
(Ken: That is correct; about his uncle [*] the Elder.)

Pliny

Melissa

Scores at the end of the Double Jeopardy! Round:

Kelly Melissa Jake
$8,200 $24,400 $12,400

[wagering suggestions for these scores]

Final Jeopardy! Round responses

COUNTRIES OF AFRICA
(Ken: [To Kelly] The westernmost country in North Africa.)
KellyWhat is Morocco?
$8,000
JakeWhat is Morocco?
$12,400
MelissaWhat is Morocco?
$401
Morocco

Final scores:

Kelly Melissa Jake
$16,200 $24,801 $24,800
3rd place: $1,000 New champion: $24,801 2nd place: $2,000

Game dynamics:

Coryat scores:

Kelly Melissa Jake
$8,000 $20,400 $12,400
12 R
(including 1 DD),
2 W
22 R
(including 2 DDs),
2 W
21 R,
3 W

Combined Coryat: $40,800

[game clues] [game scores] [suggest correction]

Game tape date: 2023-01-10
The J! Archive is created by fans, for fans. Scraping, republication, monetization, and malicious use prohibited; this site may use cookies and collect identifying information. See terms. The Jeopardy! game show and all elements thereof, including but not limited to copyright and trademark thereto, are the property of Jeopardy Productions, Inc. and are protected under law. This website is not affiliated with, sponsored by, or operated by Jeopardy Productions, Inc. Join the discussion at JBoard.tv.